[Event "Chernivtsi Masters"]
[Site "Chernivtsi"]
[Date "2021.07.23"]
[Round "7"]
[White "Kushko, Dmitriy"]
[Black "Mintenko, Heorhiy"]
[Result "1-0"]
[WhiteElo "2358"]
[BlackElo "1895"]
[PlyCount "115"]
[EventDate "2021.07.20"]
[EventType "tourn"]
[EventRounds "9"]
[EventCountry "UKR"]
[EventCategory "1"]
[SourceTitle "CBM 203 Extra"]
[Source "ChessBase"]
[SourceDate "2021.09.30"]
[SourceVersion "1"]
[SourceVersionDate "2021.09.30"]
[SourceQuality "1"]

1. Nf3 c5 2. c4 g6 3. e4 Bg7 4. d4 cxd4 5. Nxd4 Nc6 6. Be3 Nf6 7. Nc3 0-0 8. Be2 d6 9. 0-0 Bd7 10. Nc2 a5 11. f3 a4 12. Qd2 Qa5 13. Na3 Rfc8 14. Rfd1 h5 15. c5 dxc5 16. Nc4 Qc7 17. Nb5 Qb8 18. Nb6 Ne5 19. Bf4 Bxb5 20. Bxb5 g5 21. Nxc8 gxf4 22. Nxe7+ Kh7 23. Qxf4 Ra5 24. Bc4 Qc7 25. Nf5 Bf8 26. Bxf7 c4 27. Bd5 Qb6+ 28. Kf1 Nd3 29. Qe3 Nxd5 30. exd5 Qf6 31. Rxd3 cxd3 32. Qxd3 a3 33. Ng3+ Kg8 34. Ne4 Qe5 35. Qc3 Qxh2 36. Kf2 axb2 37. Rb1 Rxa2 38. d6 Ra1 39. Qb3+ Kh7 40. Qxb2 Bg7 41. Qxa1 Bxa1 42. Rxa1 Qh4+ 43. g3 Qd8 44. Rd1 Kg6 45. d7 b6 46. Rd5 h4 47. gxh4 Qxh4+ 48. Ke2 Qd8 49. Kd3 Kf7 50. Nc3 Ke6 51. Rd4 Ke5 52. Nb5 Ke6 53. Na7 Qxd7 54. Rxd7 Kxd7 55. Kd4 Kd6 56. Ke4 Ke6 57. f4 Kd6 58. Kf5 1-0

[Event "Chernivtsi Masters"]
[Site "Chernivtsi"]
[Date "2021.07.21"]
[Round "3"]
[White "Mintenko, Heorhiy"]
[Black "Bilych, Olexiy"]
[Result "0-1"]
[WhiteElo "1895"]
[BlackElo "2288"]
[PlyCount "110"]
[EventDate "2021.07.20"]
[EventType "tourn"]
[EventRounds "9"]
[EventCountry "UKR"]
[EventCategory "1"]
[SourceTitle "CBM 203 Extra"]
[Source "ChessBase"]
[SourceDate "2021.09.30"]
[SourceVersion "1"]
[SourceVersionDate "2021.09.30"]
[SourceQuality "1"]

1. d4 Nf6 2. Bf4 g6 3. e3 Bg7 4. Nf3 d6 5. h3 0-0 6. Be2 Nbd7 7. 0-0 Qe8 8. Bh2 e5 9. a4 Qe7 10. Na3 e4 11. Nd2 Re8 12. Nac4 Nf8 13. c3 h5 14. a5 a6 15. Re1 Bf5 16. f3 d5 17. Ne5 h4 18. fxe4 Nxe4 19. Bf3 Nd7 20. Bxe4 dxe4 21. Nec4 Nf8 22. Ne5 f6 23. Nec4 Kh7 24. Qe2 g5 25. Qf2 Be6 26. d5 Bc8 27. d6 cxd6 28. Nxd6 Rd8 29. N2xe4 Ng6 30. Rad1 g4 31. Nxc8 Raxc8 32. Nd6 g3 33. Bxg3 hxg3 34. Qxg3 Rc5 35. e4 Rg5 36. Qh2 Nh4 37. Kh1 Bf8 38. Nf5 Nxf5 39. exf5 Rxd1 40. Rxd1 Rxf5 41. Qg3 Rxa5 42. Qh4+ Kg6 43. Qg3+ Rg5 44. Qd3+ f5 45. Qd2 Bg7 46. Re1 Be5 47. Qd5 Kf6 48. c4 b6 49. b3 Qd6 50. Qf3 Qe6 51. Qa8 Rg8 52. Qxa6 Qc6 53. Qa2 Rg3 54. Kg1 Bd4+ 55. Kf1 Rf3+ 0-1

[Event "Golden Sands op-B"]
[Site "Golden Sands"]
[Date "2015.06.13"]
[Round "6"]
[White "Tukubayev, K."]
[Black "Mintenko, Heorhiy"]
[Result "1-0"]
[WhiteElo "2165"]
[BlackElo "1824"]
[PlyCount "77"]
[EventDate "2015.06.08"]
[EventType "swiss"]
[EventRounds "9"]
[EventCountry "BUL"]
[SourceTitle "CBM 167 Extra"]
[Source "ChessBase"]
[SourceDate "2015.09.14"]
[SourceVersion "1"]
[SourceVersionDate "2015.09.14"]
[SourceQuality "1"]

1. Nf3 d5 2. d4 Nf6 3. c4 c6 4. Qc2 a6 5. g3 g6 6. Bg2 Bg7 7. 0-0 0-0 8. c5 Re8 9. Ne5 Nfd7 10. f4 f6 11. Nf3 e5 12. fxe5 fxe5 13. e4 exd4 14. exd5 Nf6 15. d6 Nd5 16. Ng5 Rf8 17. Rxf8+ Qxf8 18. Qc4 h6 19. Bxd5+ cxd5 20. Qxd5+ Kh8 21. Nf7+ Kh7 22. Bf4 Nd7 23. Nd2 Nxc5 24. Ne5 Nd7 25. Nxd7 Bxd7 26. Qxb7 Qe8 27. Qe4 Rc8 28. Qxe8 Rxe8 29. h4 Bf6 30. Rc1 g5 31. hxg5 hxg5 32. Rc7 Kg6 33. Rxd7 gxf4 34. gxf4 Re2 35. Nc4 d3 36. Kf1 Bxb2 37. Re7 Rh2 38. d7 Rh8 39. Re8 1-0

[Event "Krakow Malopolski-chB"]
[Site "Krakow"]
[Date "2015.04.27"]
[Round "2.1"]
[White "Stanuch, Marcin"]
[Black "Mintenko, Heorhiy"]
[Result "0-1"]
[WhiteElo "1648"]
[BlackElo "1934"]
[PlyCount "106"]
[EventDate "2015.04.26"]
[EventType "swiss"]
[EventRounds "9"]
[EventCountry "POL"]
[SourceTitle "EXT 2023"]
[Source "ChessBase"]
[SourceDate "2022.10.05"]
[SourceVersion "1"]
[SourceVersionDate "2022.10.05"]
[SourceQuality "1"]

1. e4 c5 2. Nf3 g6 3. d4 cxd4 4. Nxd4 Bg7 5. c4 Nc6 6. Be3 Nf6 7. Nc3 Ng4 8. Qxg4 Nxd4 9. Qd1 Ne6 10. Qd2 0-0 11. Be2 Qa5 12. Nd5 Qxd2+ 13. Bxd2 Re8 14. Rb1 b6 15. Bg4 Rb8 16. 0-0 Bb7 17. Be3 Rbc8 18. b3 Bc6 19. Be2 Nc5 20. Bxc5 bxc5 21. Bf3 Bd4 22. Rfe1 e6 23. Nf4 a5 24. Ne2 Be5 25. Nc1 Rb8 26. Nd3 Bd4 27. e5 Bxf3 28. gxf3 Rf8 29. Kg2 f6 30. exf6 Rxf6 31. Ne5 Rd8 32. Re4 Kg7 33. Rd1 Rf5 34. Ng4 Rdf8 35. f4 Rxf4 36. Rxf4 Rxf4 37. Ne3 Kf6 38. Kg3 g5 39. Re1 h5 40. h3 Be5 41. Kg2 Bc3 42. Rc1 Bd4 43. Re1 Kf7 44. Rd1 Ke7 45. Rd2 Kd8 46. Nc2 Be5 47. Re2 Bf6 48. a3 a4 49. bxa4 Rxc4 50. f3 Rxa4 51. Re4 Ra6 52. Rc4 d6 53. Kf1 Ra5 0-1

[Event "Golden Sands Europe op 3rd"]
[Site "Golden Sands"]
[Date "2014.06.17"]
[Round "8"]
[White "Mintenko, Heorhiy"]
[Black "Ekdyshman, Mikhail"]
[Result "0-1"]
[WhiteElo "2061"]
[BlackElo "2368"]
[PlyCount "82"]
[EventDate "2014.06.10"]
[EventType "swiss"]
[EventRounds "9"]
[EventCountry "BUL"]
[SourceTitle "CBM 160 Extra"]
[Source "ChessBase"]
[SourceDate "2014.07.01"]
[SourceVersion "1"]
[SourceVersionDate "2014.07.01"]
[SourceQuality "1"]

1. c4 e5 2. g3 Nf6 3. Bg2 d5 4. cxd5 Nxd5 5. Nc3 Nb6 6. Nf3 Nc6 7. 0-0 Be7 8. d3 0-0 9. a4 a5 10. Be3 Re8 11. Rc1 h6 12. Ne4 Nd5 13. Bc5 Ndb4 14. Bxe7 Qxe7 15. Nfd2 Rb8 16. Nc3 Bg4 17. Nd5 Nxd5 18. Bxd5 Nb4 19. Bf3 Bxf3 20. Nxf3 Rbd8 21. Nd2 Rd5 22. Qb3 Red8 23. Ne4 c6 24. Qc4 Kh8 25. Nc3 Rd4 26. Qb3 f5 27. f3 R8d6 28. Rf2 Kh7 29. Kg2 Rd7 30. Rcf1 Nd5 31. Nxd5 R7xd5 32. Ra1 Qb4 33. Qc2 Rc5 34. Qd1 f4 35. gxf4 exf4 36. Kh1 Qxb2 37. Rg2 Rb4 38. Qg1 Qd4 39. e3 fxe3 40. Rg4 Qf6 41. Rf1 e2 0-1

[Event "Kesarovski Georgiev Memorial-B 12th"]
[Site "Sunny Beach"]
[Date "2013.09.05"]
[Round "6"]
[White "Golcman, Evgeny"]
[Black "Mintenko, Heorhiy"]
[Result "1-0"]
[WhiteElo "2256"]
[BlackElo "2021"]
[PlyCount "73"]
[EventDate "2013.08.31"]
[EventType "swiss"]
[EventRounds "9"]
[EventCountry "BUL"]
[SourceTitle "CBM 156 Extra"]
[Source "ChessBase"]
[SourceDate "2013.10.22"]
[SourceVersion "1"]
[SourceVersionDate "2013.10.22"]
[SourceQuality "1"]

1. c4 c5 2. Nc3 Nc6 3. Nf3 g6 4. g3 Bg7 5. Bg2 e5 6. 0-0 Nge7 7. d3 0-0 8. Bd2 Rb8 9. Qc1 d6 10. Bh6 f6 11. Bxg7 Kxg7 12. e3 Be6 13. b3 b6 14. d4 cxd4 15. exd4 exd4 16. Nb5 d3 17. Qc3 a6 18. Nbd4 Bg8 19. Qxd3 d5 20. cxd5 Nb4 21. Qe2 Nexd5 22. a3 Nc3 23. Qb2 Nbd5 24. Nc6 Qd7 25. Nxb8 Rxb8 26. Rfe1 Be6 27. Ng5 fxg5 28. Bxd5 Qxd5 29. Qxc3+ Kh6 30. Re5 Qxb3 31. Qd2 Rf8 32. h4 Kg7 33. hxg5 Rf7 34. Rae1 Rd7 35. Qf4 Rf7 36. Qd4 Rd7 37. Rd5+ 1-0

[Event "Albena Masters op"]
[Site "Albena"]
[Date "2013.06.08"]
[Round "8"]
[White "Abdalla, Luiz Guilherme"]
[Black "Mintenko, Heorhiy"]
[Result "1-0"]
[WhiteElo "2288"]
[BlackElo "2021"]
[PlyCount "93"]
[EventDate "2013.06.01"]
[EventType "swiss"]
[EventRounds "9"]
[EventCountry "BUL"]
[SourceTitle "EXT 2014"]
[Source "ChessBase"]
[SourceDate "2013.11.20"]
[SourceVersion "1"]
[SourceVersionDate "2013.11.20"]
[SourceQuality "1"]

1. d4 d5 2. c4 c6 3. Nf3 Nf6 4. e3 Bf5 5. Nc3 e6 6. Nh4 Be4 7. Qb3 Qc7 8. f3 Bg6 9. Bd2 Bd6 10. g3 Nbd7 11. Rc1 a6 12. Be2 Rc8 13. 0-0 0-0 14. Kg2 Bh5 15. cxd5 exd5 16. Nf5 Bg6 17. Nxd6 Qxd6 18. Na4 Qc7 19. Qc3 Rfe8 20. b4 Qb8 21. Nc5 Nxc5 22. bxc5 Qc7 23. Bd3 Re7 24. Rb1 Rce8 25. Rb3 Rd7 26. Rfb1 Qc8 27. R1b2 Bxd3 28. Qxd3 Ree7 29. Be1 h5 30. Bf2 Rc7 31. h3 g5 32. g4 h4 33. Bg1 Qe6 34. Bh2 Rcd7 35. Qb1 Ne8 36. Bg1 b5 37. cxb6 Rb7 38. Qc2 Qd7 39. Qd3 a5 40. Qf5 Qxf5 41. gxf5 Nd6 42. Rc2 a4 43. Rb4 Nxf5 44. Rxc6 Nxe3+ 45. Bxe3 Rxe3 46. Rc7 Re7 47. Rxe7 1-0

[Event "Kishinev Cup"]
[Site "Kishinev"]
[Date "2012.08.07"]
[Round "9"]
[White "Mintenko, Heorhiy"]
[Black "Baikovsky, Yuriy"]
[Result "0-1"]
[WhiteElo "2096"]
[BlackElo "2355"]
[PlyCount "56"]
[EventDate "2012.08.01"]
[EventType "tourn"]
[EventRounds "9"]
[EventCountry "MDA"]
[SourceTitle "EXT 2024"]
[Source "ChessBase"]
[SourceDate "2023.10.10"]
[SourceVersion "1"]
[SourceVersionDate "2023.10.10"]
[SourceQuality "1"]

1. c4 e5 2. Nc3 Nf6 3. Nf3 Nc6 4. e3 Bb4 5. Nd5 e4 6. Nxb4 Nxb4 7. Nd4 c5 8. Nb5 d5 9. cxd5 Nfxd5 10. d3 exd3 11. Bxd3 a6 12. e4 Nb6 13. Be2 Qxd1+ 14. Kxd1 axb5 15. Bxb5+ Bd7 16. Bxd7+ Kxd7 17. a3 Nd3 18. Ke2 Nxc1+ 19. Raxc1 c4 20. Rhd1+ Ke6 21. f4 Rhd8 22. Ke3 f5 23. e5 Nd5+ 24. Kf3 b5 25. h3 Rac8 26. g4 g6 27. gxf5+ gxf5 28. Rg1 Rg8 0-1